000 00462nam a2200181Ia 4500
005 20250923144257.0
008 008 250917s9999 xx 000 0 eng d
037 _aTextual
040 _aDSWL
_beng
_cDSWL
041 _aeng
_2eng
084 _qDSWL
100 _aCousins, M.E
_9823140
245 0 _aIndian women hood today
_cby M.E Cousins
260 _aAllahabad
_c1941
300 _a205 p.
942 _cTEXL
999 _c1436914
_d1436914